Stati con meno abitanti - Statistics

Statistiche generali
  • Questo quiz è stato fatto 56 volte
    10 dall'ultimo reset
  • Il punteggio medio è 15 su 20
Statistiche sulle risposte
Popolazione Continente Nazione % Corretto
882 Europa Città del Vaticano
100%
82 761 Europa Andorra
89%
12 018 Oceania Nauru
89%
180 091 America Saint Lucia
89%
33 571 Europa San Marino
89%
117 287 America Grenada
78%
36 463 Oceania Isole Marshall
78%
136 205 Oceania Kiribati
78%
40 900 Europa Liechtenstein
78%
38 367 Europa Monaco
78%
17 666 Oceania Palau
78%
100 020 America Saint Vincent e Grenadine
78%
103 803 Oceania Tonga
78%
9 512 Oceania Tuvalu
78%
65 919 America Dominica
67%
99 603 Oceania Micronesia
67%
46 908 America Saint Kitts e Nevis
67%
219 126 Oceania Samoa
67%
132 438 Africa Seychelles
67%
94 147 America Antigua e Barbuda
56%
Nessun quiz corrispondente trovato
Distribuzione punteggi
Percentuale di utenti per punteggio
Percentile per numero di risposta
I tuoi punteggi nel tempo
Non hai fatto questo quiz dall'ultimo reset